000 00515nmm a2200193Ia 4500
008 251105s9999||||xx |||||||||||||||||und||
020 _a9788417308902
041 _aspa
100 _aFo, Dario
245 0 _aHijos de Darwin
264 _a[Madrid, España] :
_bSiruela,
_c2018
300 _a218 páginas
490 _aNuevos tiempos
650 _aBiology and natural sciences
700 _aFo, Dario
700 1 _a Gumpert, Carlos
856 _uhttps://public.digitaliapublishing.com/a/68385
942 _cCF
999 _c65546
_d65546